000 00614nam a2200205Ia 4500
003 OSt
005 20260428141236.0
008 210210b1990 xxu||||| |||| 00| 0 eng d
040 _cAL
041 _aKannada
082 _a500K NARV
100 _aNARAYANARAV (G T).
_dನಾರಾಯಣರಾವ್ (ಜಿ ಟಿ)
_9263048
245 _aVaijnanika manodharma.
_bವೈಜ್ಞಾನಿಕ ಮನೋಧರ್ಮ.
260 _aBengaluru
_bNavakaranataka Prakashana
_c1990
300 _axii,164
650 _aScientific temper
_9263049
690 _aPure Sciences
_9263050
906 _a043993
942 _2ddc
_cBK
999 _c93413
_d93413